00375pab a2200133 454500008004000000100002200040245004200062260000900104300001300113362001100126650004200137650002800179773003400207180718b2010 xxu||||| |||| 00| 0 eng d aBanerjee, Sumanta aWashing dirty Bengali Dhuti in public c2010 ap.20-22. a16 Jan aWest Bengal - Politics and government aPolitics and government aEconomic and Political Weekly